1316 1128 1632 1366 1976 1978 1210 1819 1380 1137 1259 1107 1355 1396 1041 1854 1760 1841 1388 1658 1371 1194 1394 1905 1147 1034 1115 1547 1997 1307 1468 1396 1142 1620 1444 1894 1914 1397 1101 1082 1343 1655 1258 1930 1144 1292 1398 1841 1925 1070 1739 1184 1051 1962 1883 1401 1160 1684 1258 1674 1850 1015 1654 1788 1317 1949 1821 1709 1714 1025 1714 1822 1483 1293 1118 1143 1933 1215 1014 1164 1861 1387 1245 1554 1767 1556 1006 1354 1882 1230 1614 1968 1532 1131 1186 1879 1409 1728 1362 BCNSPRNW ULIB Ver.6.0+V

เปลี่ยนเป็นภาษาไทย

Change to English
 แสดงรายละเอียดบรรณานุกรม
  กลับหน้าหลัก

Brief Record : Get Marc (ISO 2709) : E-mail record : QR code < ปิดหน้าต่าง
LEADER : 00000nam 2200000uu 4500
001    13399108537
003     ULIB
008    110306s2551||||th 000 0 tha d
020    9740613732
060  4 QV600^bส837ส 2551
100 0  สุภาณี คลังฤทธิ์
245 00 สารพิษ-สัตว์พิษ:การรักษาพยาบาลเบื้องต้น/^cสุภาณี คลังฤทธิ์
250    พิมพ์ครั้งที่ 1
260    พิษณุโลก:^bวิทยาลัยพยาบาลบรมราชชนนี พุทธชินราช,^c2551
300    88 หน้า
650  7 งูพิษ
650  7 สัตว์พิษ
650  7 สารกำจัดศัตรูพืช
650  7 สารพิษ
710 1  วิทยาลัยพยาบาลบรมราชชนนี พุทธชินราช
945    ^p0^l0^i023385
995    ทศพร
999 ^a ใช้งานได้ทุกระบบ
รายการนี้ยังไม่มีแท็ก
คุณยังไม่ได้ล็อกอิน คุณสามารถมีกิจกรรมร่วมกับเว็บไซต์ได้ แต่ต้องล็อกอินก่อน ::
  ล็อกอิน

รายการสื่อสารสนเทศ

ลำดับที่ ประเภท เลขเรียก/บาร์โค้ด สถานที่ สถานะ
- ไม่พบข้อมูล -

รายการใกล้เคียง
    ผู้แต่ง [สุภาณี คลังฤทธิ์]

    หัวเรื่อง [สารกำจัดศัตรูพืช]
    หัวเรื่อง [สารพิษ]

BibComment


ยังไม่เคยถูกคอมเมนท์

คอมเมนท์ทรัพยากรรายการนี้
  คอมเมนท์: สารพิษสัตว์พิษการ..


 Copyright 2026. Bcnsprnw @Library